| 000 | 00633nam a2200241 a 4500 | ||
|---|---|---|---|
| 001 | nice12345678 | ||
| 003 | IN_TiNIC | ||
| 005 | 20260116012226.0 | ||
| 008 | 050524s1978 mica grp 000 0 eng | ||
| 020 |
_a0310119 _c35.9 |
||
| 082 | 0 | 0 |
_a232.9 _bHOE |
| 100 | _aHoehner, Harold W | ||
| 245 | _aChronological Aspects of the Life of Christ | ||
| 260 |
_aMichigan _bZondervan Publishing House _c1978 |
||
| 300 | _a176p | ||
| 500 | _aincludes index and biblioraphy | ||
| 505 | 2 | _aBibliography | |
| 650 | _aJesus Christ-Biography | ||
| 700 | 1 | _aHoehner, Harold W | |
| 902 | _bSRS | ||
| 942 | _cBK | ||
| 999 |
_c6159 _d6159 |
||